000 01205nab a22002177a 4500
999 _c5847
_d5847
003 OSt
005 20260108210852.0
008 190514b xxu||||| |||| 00| 0 spa d
040 _cPJ
100 _9971
_aHerrera, Marisa
245 1 0 _aBalance, consolidación y desafíos sobre el embrión no implantado en los primeros 10 años del Código Civil y Comercial de la Nación /
_cMarisa Herrera.
300 _ap. 5-24
505 _aSumario: I. Introducción.— II. Fundamentos elocuentes: el embrión no implantado no es persona.— III. Cese de la criopreservación de embriones.— IV. La mirada de la Corte Federal.— V. Vientos provenientes desde la legislación proyectada.— VI. Un entrecruzamiento novedoso: embrión in vitro y derecho penal.— VII. Breves palabras de cierre.
505 _tSi te interesa el texto, comunicate a koha@justierradelfuego.gov.ar
650 0 _91497
_aCODIGO CIVIL Y COMERCIAL
650 0 _9967
_aDERECHO DE FAMILIA
650 0 _94292
_aTÉCNICAS DE REPRODUCCIÓN HUMANA ASISTIDA
650 0 _96744
_aCRIOPRESERVACIÓN DE EMBRIONES
773 0 _02844
_93222
_dBuenos Aires : AbeledoPerrot, 1989-
_tDerecho de familia. N° 120 - Julio 2025
_z18511201
942 _2udc
_cANA